000 01742cam a22004694i 4500
003 PE-LiUPU
005 20250731172824.0
008 150617s r 000 0 d
020 _a8428510911
035 _a(Sirsi) i9788428510912
040 _aPE-LiUPU
_bspa
_cPE-LiUPU
_erda
049 _aPRUA
082 0 4 _a261.2
_bS33
_221
100 1 _aSecondin, Bruno,
_eautor.
245 1 0 _aSeguimiento y profecia :
_bherencia y porvenir de la vida consagrada /
_cBruno Secondin.
264 1 _aMadrid :
_bEdiciones Paulinas,
_c1986.
300 _a165 páginas ;
_c20 centímetros
336 _atext
_2rdacontent
337 _aunmediated
_2rdamedia
338 _avolume
_2rdacarrier
504 _aIncluye bibliografía.
505 0 _aUn despertar espiritual. -La vida consagrada: entre la herencia y las nuevas perspectivas. -Inspiraciones bíblicas de la vida religiosa. -Carisma e institución: en la Iglesia y en la vida consagrada. -Comunidad religiosa y orientación vocacional. -Herencia y nueva profecía. -bibliografía.
526 _aSEG42
526 _aSEG41
526 _aSEG40
526 _aSEG39
526 _aP94
526 _aP87
526 _aP86
526 _aP85
526 _aP77
526 _aP76
526 _aP35
650 0 4 _aTeologia social.
910 _ajck
_bjvq
_cjck
_d20150616
942 _2ddc
_cBOOK
949 _a261.2 S33
_wDEWEY
_c1
_i28459
_lCCODEBUL1
_mBUL
_r0
_sY
_tBOOK
_u2015-4-21
_xTEOLOGIA
_PP35
_0COMPRA
_o.STAFF. Colección General
994 _aC0
_bPEPRU
596 _a1
999 _a261.2 S33
_wDEWEY
_c5580
_i28459
_f2021-11-10
_g5
_lCCODEBUL1
_mBUL
_r0
_sY
_tBOOK
_u2015-4-21
_xTEOLOGIA
_PP35
_0COMPRA
_o.STAFF. Colección General
_d5580
980 _81
_gALBERTO SANCHEZ Responsable de Automatización